<?xml version="1.0" encoding="UTF-8"?>
<record
    xmlns:xsi="http://www.w3.org/2001/XMLSchema-instance"
    xsi:schemaLocation="http://www.loc.gov/MARC21/slim http://www.loc.gov/standards/marcxml/schema/MARC21slim.xsd"
    xmlns="http://www.loc.gov/MARC21/slim">

  <leader>02302nam a22002775a 4500</leader>
  <datafield tag="999" ind1=" " ind2=" ">
    <subfield code="c">27215</subfield>
    <subfield code="d">27186</subfield>
  </datafield>
  <controlfield tag="003">EG-ScBUE</controlfield>
  <controlfield tag="005">20190306144841.0</controlfield>
  <controlfield tag="008">190306s2018    ua a   grb    000 0bara d</controlfield>
  <datafield tag="017" ind1=" " ind2=" ">
    <subfield code="a">2017 / 29438</subfield>
  </datafield>
  <datafield tag="020" ind1=" " ind2=" ">
    <subfield code="a">9789770934586</subfield>
  </datafield>
  <datafield tag="040" ind1=" " ind2=" ">
    <subfield code="a">EG-ScBUE</subfield>
    <subfield code="b">ara</subfield>
    <subfield code="c">EG-ScBUE</subfield>
    <subfield code="d">EG-ScBUE</subfield>
  </datafield>
  <datafield tag="082" ind1="0" ind2="4">
    <subfield code="a">616.60092</subfield>
    <subfield code="b">&#x645; &#x62E; &#x632;</subfield>
    <subfield code="2">22</subfield>
  </datafield>
  <datafield tag="100" ind1="1" ind2=" ">
    <subfield code="a">&#x645;&#x62E;&#x632;&#x646;&#x62C;&#x64A;&#x60C; &#x645;&#x62D;&#x645;&#x62F;.</subfield>
  </datafield>
  <datafield tag="245" ind1="1" ind2="0">
    <subfield code="a">&#x645;&#x639; &#x627;&#x644;&#x62F;&#x643;&#x62A;&#x648;&#x631; &#x645;&#x62D;&#x645;&#x62F; &#x63A;&#x646;&#x64A;&#x645; :</subfield>
    <subfield code="b">&#x627;&#x644;&#x633;&#x639;&#x627;&#x62F;&#x629; &#x641;&#x64A; &#x645;&#x643;&#x627;&#x646; &#x622;&#x62E;&#x631; /</subfield>
    <subfield code="c">&#x645;&#x62D;&#x645;&#x62F; &#x627;&#x644;&#x645;&#x62E;&#x632;&#x646;&#x62C;&#x64A;.</subfield>
  </datafield>
  <datafield tag="250" ind1=" " ind2=" ">
    <subfield code="a">&#x637;. 1.</subfield>
  </datafield>
  <datafield tag="260" ind1=" " ind2=" ">
    <subfield code="a">&#x627;&#x644;&#x642;&#x627;&#x647;&#x631;&#x629; :</subfield>
    <subfield code="b">&#x62F;&#x627;&#x631; &#x627;&#x644;&#x634;&#x631;&#x648;&#x642;&#x60C;</subfield>
    <subfield code="c">2018.</subfield>
  </datafield>
  <datafield tag="300" ind1=" " ind2=" ">
    <subfield code="a">163 &#x635;.&#x60C; [22] &#x635;. &#x645;&#x646; &#x627;&#x644;&#x635;&#x648;&#x631; :</subfield>
    <subfield code="b">&#x625;&#x64A;&#x636;. (&#x644;&#x648;.) &#x61B;</subfield>
    <subfield code="c">24 &#x633;&#x645;.</subfield>
  </datafield>
  <datafield tag="500" ind1=" " ind2=" ">
    <subfield code="a">&#x64A;&#x634;&#x62A;&#x645;&#x644; &#x639;&#x644;&#x649; &#x645;&#x644;&#x62D;&#x642; &#x635;&#x648;&#x631;.</subfield>
  </datafield>
  <datafield tag="504" ind1=" " ind2=" ">
    <subfield code="a">&#x64A;&#x634;&#x62A;&#x645;&#x644; &#x639;&#x644;&#x649; &#x625;&#x631;&#x62C;&#x627;&#x639;&#x627;&#x62A; &#x628;&#x628;&#x644;&#x64A;&#x648;&#x62C;&#x631;&#x627;&#x641;&#x64A;&#x629;.</subfield>
  </datafield>
  <datafield tag="520" ind1=" " ind2=" ">
    <subfield code="a">(( &#x638;&#x647;&#x631;&#x639;&#x644;&#x649; &#x645;&#x633;&#x631;&#x62D; &#x627;&#x644;&#x62D;&#x64A;&#x627;&#x629; &#x627;&#x644;&#x637;&#x628;&#x64A;&#x629; &#x648;&#x627;&#x644;&#x627;&#x62C;&#x62A;&#x645;&#x627;&#x639;&#x64A;&#x629; &#x648;&#x627;&#x644;&#x625;&#x646;&#x633;&#x627;&#x646;&#x64A;&#x629; &#x628;&#x637;&#x644;&#x64B;&#x627; &#x645;&#x646;&#x630; &#x627;&#x644;&#x628;&#x62F;&#x627;&#x64A;&#x629;&#x60C; &#x644;&#x627; &#x64A;&#x62E;&#x634;&#x649; &#x641;&#x64A;&#x645;&#x627; &#x64A;&#x631;&#x627;&#x647; &#x627;&#x644;&#x62D;&#x642;&#x64E;&#x651; &#x648;&#x627;&#x644;&#x639;&#x62F;&#x644; &#x648;&#x627;&#x644;&#x635;&#x62D;&#x64E;&#x651; &#x644;&#x648;&#x645;&#x629; &#x644;&#x627;&#x626;&#x645; &#x645;&#x647;&#x645;&#x627; &#x643;&#x627;&#x646; &#x645;&#x648;&#x642;&#x639;&#x647; &#x623;&#x648; &#x646;&#x641;&#x648;&#x630;&#x647;. &#x646;&#x645;&#x648;&#x630;&#x62C; &#x627;&#x633;&#x62A;&#x62B;&#x646;&#x627;&#x626;&#x64A; &#x644;&#x637;&#x628;&#x64A;&#x628; &#x644;&#x627; &#x64A;&#x62A;&#x631;&#x628;&#x64E;&#x651;&#x62D; &#x645;&#x646; &#x627;&#x644;&#x637;&#x628; &#x645;&#x643;&#x62A;&#x641;&#x64D; &#x628;&#x631;&#x627;&#x62A;&#x628;&#x647; &#x627;&#x644;&#x62C;&#x627;&#x645;&#x639;&#x64A;&#x60C; &#x648;&#x645;&#x639; &#x630;&#x644;&#x643; &#x64A;&#x64F;&#x635;&#x631;&#x651; &#x639;&#x644;&#x649; &#x62A;&#x642;&#x62F;&#x64A;&#x645; &#x623;&#x641;&#x636;&#x644; &#x648;&#x623;&#x631;&#x642;&#x649; &#x62E;&#x62F;&#x645;&#x629; &#x644;&#x645;&#x631;&#x636;&#x627;&#x647; &#x62E;&#x635;&#x648;&#x635;&#x64B;&#x627; &#x645;&#x646; &#x641;&#x642;&#x631;&#x627;&#x621; &#x627;&#x644;&#x645;&#x635;&#x631;&#x64A;&#x64A;&#x646;&#x60C; &#x648;&#x623;&#x62B;&#x628;&#x62A; &#x628;&#x635;&#x646;&#x64A;&#x639;&#x647; &#x648;&#x645;&#x623;&#x62B;&#x631;&#x62A;&#x647; &#x623;&#x646; &#x645;&#x635;&#x631; &#x62A;&#x633;&#x62A;&#x637;&#x64A;&#x639; &#x628;&#x623;&#x628;&#x646;&#x627;&#x626;&#x647;&#x627; &#x648;&#x639;&#x644;&#x649; &#x623;&#x631;&#x636;&#x647;&#x627; &#x623;&#x646; &#x62A;&#x643;&#x648;&#x646; &#x645;&#x646;&#x627;&#x641;&#x633;&#x64B;&#x627; &#x639;&#x627;&#x644;&#x645;&#x64A;&#x64B;&#x651;&#x627; &#x641;&#x64A;&#x645;&#x627; &#x62A;&#x64F;&#x62E;&#x652;&#x644;&#x650;&#x635;&#x64F; &#x644;&#x647;&#x60C; &#x641;&#x635;&#x627;&#x631; &#x638;&#x627;&#x647;&#x631;&#x629; &#x627;&#x633;&#x62A;&#x62B;&#x646;&#x627;&#x626;&#x64A;&#x629; &#x62D;&#x64A;&#x64E;&#x651;&#x629; &#x62A;&#x64F;&#x624;&#x643;&#x650;&#x651;&#x62F; &#x639;&#x644;&#x649; &#x627;&#x644;&#x62C;&#x648;&#x647;&#x631; &#x627;&#x644;&#x62E;&#x644;&#x64E;&#x651;&#x627;&#x642; &#x627;&#x644;&#x643;&#x627;&#x645;&#x646; &#x641;&#x64A; &#x647;&#x630;&#x627; &#x627;&#x644;&#x628;&#x644;&#x62F; &#x648;&#x623;&#x647;&#x644;&#x647; )). &#x647;&#x643;&#x630;&#x627; &#x643;&#x62A;&#x628; &#x645;&#x62D;&#x645;&#x62F; &#x627;&#x644;&#x645;&#x62E;&#x632;&#x646;&#x62C;&#x64A; &#x639;&#x646; &#x627;&#x644;&#x62F;&#x643;&#x62A;&#x648;&#x631; &#x645;&#x62D;&#x645;&#x62F; &#x63A;&#x646;&#x64A;&#x645; &#x641;&#x64A; &#x647;&#x630;&#x627; &#x627;&#x644;&#x643;&#x62A;&#x627;&#x628; &#x627;&#x644;&#x630;&#x64A; &#x644;&#x627; &#x64A;&#x643;&#x62A;&#x641;&#x64A; &#x628;&#x62A;&#x62A;&#x628;&#x64F;&#x651;&#x639; &#x631;&#x62D;&#x644;&#x629; &#x62D;&#x64A;&#x627;&#x629; &#x648;&#x625;&#x646;&#x62C;&#x627;&#x632; &#x628;&#x637;&#x644; &#x645;&#x646; &#x632;&#x645;&#x646;&#x646;&#x627;&#x60C; &#x628;&#x644; &#x64A;&#x64F;&#x646;&#x642;&#x650;&#x651;&#x628; &#x639;&#x646; &#x645;&#x639;&#x646;&#x649; &#x647;&#x630;&#x647; &#x627;&#x644;&#x631;&#x62D;&#x644;&#x629; &#x648;&#x631;&#x633;&#x627;&#x644;&#x62A;&#x647;&#x627;&#x60C; &#x648;&#x625;&#x62C;&#x627;&#x628;&#x62A;&#x647;&#x627; &#x639;&#x646; &#x633;&#x624;&#x627;&#x644; &#x643;&#x628;&#x64A;&#x631; &#x648;&#x62E;&#x637;&#x64A;&#x631; &#x641;&#x64A; &#x62D;&#x64A;&#x627;&#x629; &#x627;&#x644;&#x628;&#x634;&#x631; &#x647;&#x648;: &#x645;&#x627; &#x627;&#x644;&#x633;&#x639;&#x627;&#x62F;&#x629;&#x61F; &#x648;&#x643;&#x64A;&#x641; &#x648;&#x623;&#x64A;&#x646; &#x64A;&#x64F;&#x645;&#x643;&#x646; &#x627;&#x644;&#x639;&#x62B;&#x648;&#x631; &#x639;&#x644;&#x64A;&#x647;&#x627;&#x61F; &#x648;&#x647;&#x630;&#x627; &#x645;&#x627; &#x64A;&#x633;&#x639;&#x649; &#x644;&#x644;&#x625;&#x62C;&#x627;&#x628;&#x629; &#x639;&#x646;&#x647; &#x647;&#x630;&#x627; &#x627;&#x644;&#x643;&#x62A;&#x627;&#x628;.</subfield>
  </datafield>
  <datafield tag="600" ind1="1" ind2="7">
    <subfield code="a">&#x63A;&#x646;&#x64A;&#x645;&#x60C; &#x645;&#x62D;&#x645;&#x62F;&#x60C;</subfield>
    <subfield code="d">1939-.</subfield>
    <subfield code="2">BUEsh</subfield>
  </datafield>
  <datafield tag="650" ind1=" " ind2="7">
    <subfield code="a">&#x627;&#x644;&#x623;&#x637;&#x628;&#x627;&#x621;</subfield>
    <subfield code="v">&#x62A;&#x631;&#x627;&#x62C;&#x645;.</subfield>
    <subfield code="2">BUEsh</subfield>
  </datafield>
  <datafield tag="651" ind1=" " ind2=" ">
    <subfield code="2">BUEsh</subfield>
  </datafield>
  <datafield tag="653" ind1=" " ind2=" ">
    <subfield code="b">GGEN</subfield>
    <subfield code="c">March2019</subfield>
  </datafield>
  <datafield tag="942" ind1=" " ind2=" ">
    <subfield code="2">ddc</subfield>
  </datafield>
  <datafield tag="952" ind1=" " ind2=" ">
    <subfield code="0">0</subfield>
    <subfield code="1">0</subfield>
    <subfield code="2">ddc</subfield>
    <subfield code="4">0</subfield>
    <subfield code="7">0</subfield>
    <subfield code="8">Dar-SH</subfield>
    <subfield code="a">MAIN</subfield>
    <subfield code="b">MAIN</subfield>
    <subfield code="c">1ST</subfield>
    <subfield code="d">2019-03-06</subfield>
    <subfield code="e">Purchase</subfield>
    <subfield code="g">78.00</subfield>
    <subfield code="h">3307</subfield>
    <subfield code="o">616.60092 &#x645; &#x62E; &#x632;</subfield>
    <subfield code="p">000044336</subfield>
    <subfield code="r">2025-07-15 00:00:00</subfield>
    <subfield code="v">97.50</subfield>
    <subfield code="y">BB</subfield>
  </datafield>
</record>
